Managerial Economics: in a glabal economics (Record no. 2783)

MARC details
000 -LEADER
fixed length control field 00416nam a22001697a 4500
005 - DATE AND TIME OF LATEST TRANSACTION
control field 20180321124711.0
008 - FIXED-LENGTH DATA ELEMENTS--GENERAL INFORMATION
fixed length control field 160615b xxu||||| |||| 00| 0 eng d
020 ## - INTERNATIONAL STANDARD BOOK NUMBER
ISBN 981-240-612-3
041 ## - LANGUAGE CODE
Language code of text/sound track or separate title eng
082 ## - DEWEY DECIMAL CLASSIFICATION NUMBER
Item number 7773
Classification number 338.5024658
100 ## - MAIN ENTRY--AUTHOR NAME
Personal name Salvatore, Dominick
245 ## - TITLE STATEMENT
Title Managerial Economics: in a glabal economics
260 ## - PUBLICATION, DISTRIBUTION, ETC. (IMPRINT)
Name of publisher Thomson
300 ## - PHYSICAL DESCRIPTION
Number of Pages 723
650 ## - SUBJECT ADDED ENTRY--TOPICAL TERM
Topical Term Management
942 ## - ADDED ENTRY ELEMENTS (KOHA)
Koha item type Books
Holdings
Lost status Damaged status Collection code Home library Current library Shelving location Date acquired Cost, normal purchase price Full call number Accession Number Koha item type
    MANAGEMENT JRU Library JRU Library SHELF-60-A 15/06/2016 391.20 338.502 465 8 7773 Books
    MANAGEMENT JRU Library JRU Library SHELF-60-A 15/06/2016 391.20 338.502 465 8 7774 Books